Fluid mechanics /
Guardado en:
| Autor Principal: | |
|---|---|
| Formato: | Libro |
| Idioma: | English |
| Publicado: |
Boston :
McGraw-Hill,
2003.
|
| Edición: | 5th ed. |
| Materias: | |
| Etiquetas: |
Agregar Etiqueta
Sin Etiquetas, Sea el primero en etiquetar este registro!
|
| LEADER | 00710cam a22002295a 4500 | ||
|---|---|---|---|
| 001 | EIQ.libpla002976 | ||
| 008 | 020731s2003####maua#####b####001#0#eng#d | ||
| 005 | 20070927145816.0 | ||
| 245 | 1 | 0 | |a Fluid mechanics / |c Frank M. White. |
| 250 | |a 5th ed. | ||
| 260 | |a Boston : |b McGraw-Hill, |c 2003. | ||
| 300 | |a xiii, 866 p. : |b il. ; |c 24 cm. + |e 1 CD-ROM. | ||
| 504 | |a Incluye referencias bibliográficas e índice. | ||
| 020 | |a 0072402172 | ||
| 020 | |a 007119911X | ||
| 100 | 1 | |a White, Frank M. | |
| 082 | 0 | 0 | |a 620.1/06 |2 21 |
| 650 | 4 | |a Procesos |x Mecánica de fluídos. | |
| 650 | 4 | |a Processes |x Fluid mechanics. | |
| 010 | |a 2002029573 | ||
| 040 | |a DLC |c DLC |d AR-BbSID | ||
| 859 | |a AR-BbSID |b BIB. PLAPIQUI |h 532 |i W 583 |p 5658 | ||
